Essentials of anatomy & physiology : (Record no. 24239)
[ view plain ]
| 000 -LEADER | |
|---|---|
| fixed length control field | 00758nam a2200277 a 4500 |
| 003 - CONTROL NUMBER IDENTIFIER | |
| control field | PILC |
| 005 - DATE AND TIME OF LATEST TRANSACTION | |
| control field | 20151008080553.0 |
| 008 - FIXED-LENGTH DATA ELEMENTS--GENERAL INFORMATION | |
| fixed length control field | 101123s19uu xx 00 eng d |
| 020 ## - INTERNATIONAL STANDARD BOOK NUMBER | |
| International Standard Book Number | 9780071260879 |
| 050 ## - LIBRARY OF CONGRESS CALL NUMBER | |
| Classification number | QP 44 |
| Item number | .P322 2008 |
| 100 ## - MAIN ENTRY--PERSONAL NAME | |
| Personal name | Patton, Kevin. |
| 245 ## - TITLE STATEMENT | |
| Title | Essentials of anatomy & physiology : |
| Remainder of title | laboratory manual / |
| Statement of responsibility, etc | Kevin Patton. |
| 250 ## - EDITION STATEMENT | |
| Edition statement | 6th edition. |
| 260 ## - PUBLICATION, DISTRIBUTION, ETC. (IMPRINT) | |
| Place of publication, distribution, etc | Boston : |
| Name of publisher, distributor, etc | McGraw-Hill, |
| Date of publication, distribution, etc | 2008. |
| 300 ## - PHYSICAL DESCRIPTION | |
| Extent | 330 pages : |
| Other physical details | illustrations ; |
| Dimensions | 25 cm. |
| 650 ## - SUBJECT ADDED ENTRY--TOPICAL TERM | |
| Topical term or geographic name as entry element | Human anatomy |
| General subdivision | Laboratory manuals. |
| 650 ## - SUBJECT ADDED ENTRY--TOPICAL TERM | |
| Topical term or geographic name as entry element | Physiology |
| General subdivision | Laboratory manuals. |
| 942 ## - ADDED ENTRY ELEMENTS (KOHA) | |
| Koha item type | Books |
| Source of classification or shelving scheme | Library of Congress Classification |
| Call number prefix | Foreign |
| Withdrawn status | Lost status | Source of classification or shelving scheme | Damaged status | Home library | Current library | Shelving location | Date acquired | Source of acquisition | Total Checkouts | Full call number | Barcode | Date last seen | Copy number | Price effective from | Koha item type |
|---|---|---|---|---|---|---|---|---|---|---|---|---|---|---|---|
| Library of Congress Classification | Archives | Archives | 10/17/2011 | Donation | QP 44 .P322 2008 | C13770 | 05/15/2018 | 1 | 10/18/2013 | Books | |||||
| Library of Congress Classification | Archives | Archives | 12/12/2013 | Donation | QP 44 .P322 2008 | C11663 | 05/15/2018 | 2 | 12/12/2013 | Books | |||||
| Library of Congress Classification | Archives | Archives | 12/12/2013 | Donation | QP 44 .P322 2008 | C11660 | 05/15/2018 | 4 | 12/12/2013 | Books | |||||
| Library of Congress Classification | Archives | Archives | 12/12/2013 | Donation | QP 44 .P322 2008 | C11664 | 05/15/2018 | 6 | 12/12/2013 | Books | |||||
| Library of Congress Classification | Archives | Archives | 12/12/2013 | Donation | QP 44 .P322 2008 | C13755 | 05/15/2018 | 7 | 12/12/2013 | Books | |||||
| Library of Congress Classification | Archives | Archives | 10/08/2015 | Donation | QP 44 .P322 2008 | C20141 | 05/15/2018 | 10/08/2015 | Books | ||||||
| Library of Congress Classification | College Library | College Library | General Circulation Section | 12/12/2013 | QP 44 .P322 2008 | C11661 | 05/15/2018 | 3 | 12/12/2013 | Books | |||||
| Library of Congress Classification | College Library | College Library | General Circulation Section | 12/12/2013 | QP 44 .P322 2008 | C11662 | 05/15/2018 | 5 | 12/12/2013 | Books |